00768nac a22002531u 4500020001500000082001200015090001500027100003400042245005400076260004300130300001900173500002600192511002600218650002900244650002800273700001600301700001700317700001200334700001500346700001600361942001600377999001500393952010600408 a8171413501 a615.902 c5577d5577 a20080729  aEnvironmental toxicology /cMJ. Satake [et al...] aNew Delhi:bDiscovery Pub.,2003c2003 a278p.;b20 cm. adistributer: AL-Ahram acatalogued by: wessam aenvironmental toxicology aEnvironmental chemistry aYasuhisa H. aSethi, M. S. aMido Y. aTaguchi S. aIqbal S. A. cBBk615.902 c5577d5577 00104070aMAINbMAINc1STd2007-10-31ePurchasel0o615.902 ENVp000006702r2025-07-15 00:00:00yBB